书目信息 |
| 题名: |
班主任主题班会精选
|
|
| 作者: | 袁晓葵 , 郑国霞 编 | |
| 分册: | ||
| 出版信息: | 北京 航空工业出版社 2017 |
|
| 页数: | 216页 | |
| 开本: | 23cm | |
| 丛书名: | 成功班主任案头必备系列丛书 | |
| 单 册: | ||
| 中图分类: | G635.16 , G635.5 | |
| 科图分类: | ||
| 主题词: | 中小学--Zhong Xiao Xue--班主任工作 , 班会--Ban Hui--中小学 | |
| 电子资源: | ||
| ISBN: | 978-7-5165-1334-7 | |
| 000 | 01155nam 2200313 450 | |
| 001 | 012001004651 | |
| 005 | 20140124175544.0 | |
| 010 | @a978-7-5165-1334-7@dCNY28.00 | |
| 099 | @aCAL 012018077696 | |
| 100 | @a20180402d2017 em y0chiy50 ea | |
| 101 | 0 | @achi |
| 102 | @aCN@b110000 | |
| 105 | @ay z 000yy | |
| 106 | @ar | |
| 200 | 1 | @a班主任主题班会精选@ABan Zhu Ren Zhu Ti Ban Hui Jing Xuan@f袁晓葵, 郑国霞编 |
| 210 | @a北京@c航空工业出版社@d2017 | |
| 215 | @a216页@d23cm | |
| 225 | 2 | @a成功班主任案头必备系列丛书@ACheng Gong Ban Zhu Ren An Tou Bi Bei Xi Lie Cong Shu |
| 300 | @a图书馆藏书工程 | |
| 330 | @a本书共分为9个部分, 分别从学生学会学习、团结台作、公民道德、明礼诚信、增强自信、责任意识、理解尊重、学会感恩和放飞理想等方面进行了阐述, 每部分分为几个场景故事, 每个场景故事并配有反思实录。 | |
| 410 | 0 | @12001 @a成功班主任案头必备系列丛书 |
| 606 | 0 | @a中小学@AZhong Xiao Xue@x班主任工作 |
| 606 | 0 | @a班会@ABan Hui@x中小学 |
| 690 | @aG635.16@v5 | |
| 690 | @aG635.5@v5 | |
| 701 | 0 | @a袁晓葵@Ayuan xiao kui@4编 |
| 701 | 0 | @a郑国霞@Azheng guo xia@4编 |
| 801 | 0 | @b江苏凤凰@c20191020 |
| 905 | @b1239109-14@dG635.16@e1669@f6 | |
| 班主任主题班会精选/袁晓葵, 郑国霞编.-北京:航空工业出版社,2017 |
| 216页;23cm.-(成功班主任案头必备系列丛书) |
| 图书馆藏书工程 |
| ISBN 978-7-5165-1334-7:CNY28.00 |
| 本书共分为9个部分, 分别从学生学会学习、团结台作、公民道德、明礼诚信、增强自信、责任意识、理解尊重、学会感恩和放飞理想等方面进行了阐述, 每部分分为几个场景故事, 每个场景故事并配有反思实录。 |
| ● |
| 相关链接 |
|
|
|
|
正题名:班主任主题班会精选
索取号:G635.16/1669
 
预约/预借
| 序号 | 登录号 | 条形码 | 馆藏地/架位号 | 状态 | 备注 |
| 1 | 1239109 | 212391099 | 第一样本阅览室/ [索取号:G635.16/1669] | 在馆 | |
| 2 | 1239110 | 212391106 | 教育系资料室/ [索取号:G635.16/1669] | 在馆 | |
| 3 | 1239111 | 212391115 | 教育系资料室/ [索取号:G635.16/1669] | 在馆 | |
| 4 | 1239112 | 212391124 | 教育系资料室/ [索取号:G635.16/1669] | 在馆 | |
| 5 | 1239113 | 212391133 | 第四借阅区/ [索取号:G635.16/1669] | 在馆 | |
| 6 | 1239114 | 212391142 | 第四借阅区/ [索取号:G635.16/1669] | 在馆 |